Sports Quiz

Random Sports or NHL Quiz
Score 0/33 Timer 04:00
0 Plays Today
Games played Goalie % Correct
2018-19Philadelphia Flyers
93.2%
2018-19Brian Elliott
75%
2007-08Los Angeles Kings
72.8%
2018-19Carter Hart
68.2%
2002-03St Louis Blues
64.2%
2007-08Jonathan Quick
63%
2018-19Michal Neuvirth
50%
2002-03Brent Johnson
46.9%
1989-90Quebec Nordiques
45.7%
2018-19Mike McKenna
36.4%
2018-19Anthony Stolarz
36.4%
2018-19Cam Talbot
33.3%
2002-03Chris Osgood
32.1%
2007-08Jonathan Bernier
30.9%
1989-90Ron Tugnutt
30.9%
1989-90Stephane Fiset
29.6%
2018-19Alex Lyon
29.5%
Games played Goalie % Correct
2007-08Jason LaBarbera
28.4%
2007-08Dan Cloutier
28.4%
2018-19Calvin Pickard
27.3%
2007-08Erik Ersberg
23.5%
2002-03Curtis Sanford
21%
2002-03Fred Brathwaite
19.8%
2002-03Reinhard Divis
17.3%
2002-03Tom Barrasso
16%
2007-08Daniel Taylor
13.6%
2002-03Cody Rudkowsky
12.3%
1989-90Scott Gordon
12.3%
1989-90Greg Millen
9.9%
1989-90Sergei Mylnikov
9.9%
1989-90John Tanner
9.9%
2007-08Jean-Sebastien Aubin
8.6%
1989-90Mario Brunetta
8.6%
Remove Ads.
Support Sporcle.
Get the best of Sporcle when you Go Orange. This ad-free experience offers more features, more stats, and more fun while also helping to support Sporcle. Thank you for becoming a member.

You're not logged in!

Compare scores with friends on all Sporcle quizzes.
OR
Log In

Show Comments

Extras

Top Quizzes Today


Score Distribution

Your Account Isn't Verified!

In order to create a playlist on Sporcle, you need to verify the email address you used during registration. Go to your Sporcle Settings to finish the process.

Report this User

Report this user for behavior that violates our Community Guidelines.

Details: